000 00377cam a2200157ua 4500
041 _aeng
_h
082 _a332.4
_bTHA/MO
100 _aThaur, B.T .
245 _aMoney its nature and management /
_cThakur.
_hTextual Documents
260 _a :
_bOrient-Longman Ltd ,
_c1957.
300 _a ; .
504 _a
942 _cBK
999 _c11263
_d11263